000 00871nam2a22002531 4500
001 rc\217072
005 20250612174303.0
010 _a5-7532-0049-4
_920000
010 _a5-7532-0001-X
035 _a(NLR Aleph) 008759969
090 _a7859304
_c7859304
100 _a20030307d1996 |||y0rusy50 ca
101 0 _arus
102 _aRU
105 _aa |||||||||
200 0 _aЧ. 1
210 _d1996
_aБ. м.
215 _a[1], 113 с.
_cил.
461 0 _1001rc\217071
_12001#$aМатематика$e2 кл.$fЛ.Г. Петерсон$vЧ. 1
_1700#1$aПетерсон$bЛ.Г.$gЛюдмила Георгиевна
_97945783
_aПетерсон, Л.Г.
_cМ.
_d1996
_fЛ.Г. Петерсон
_nИНПРО-РЕС
_o2 кл.
_tМатематика
_y575320001X
_vЧ. 1
801 0 _aRU
_bNLR
_gpsbo
801 1 _aRU
_bELAR
_2rusmarc
852 _aNLR
_j96-8/726
942 _cBOOK
980 _aNB